Clarinet - Instrument Quiz - Statistics

General Stats
  • This quiz has been taken 223 times
  • The average score is 8 of 13
Answer Stats
Hint Answer % Correct
Apart from the 'standard' clarinet, name one other member of the clarinet family. Piccolo Clarinet/ E♭ clarinet/ D clarinet/ C clarinet/ A Clarinet/ Basset Clarinet/ Basset Horn/ Alto Clarinet/ Bass Clarinet/ Contrabass Clarinet.
90%
What family of instruments does the clarinet belong to? Woodwind
88%
Clarinets are made up of 5 pieces, what is the name of each one? Mouthpiece
87%
Bell
77%
Barrel
74%
Which type of clarinet is typically used in a traditional orchestra? B♭ Clarinet
67%
In which country did the above invent the clarinet? Germany
67%
What type of reed is used to play the clarinet? Single reed
67%
Lower Joint
49%
Upper Joint
49%
Which instrument was the clarinet originally created as a substitute for? Trumpet
31%
Which baroque instrument is considered to be the predecessor of the modern clarinet? Chalumeau
18%
Who is generally believed to have invented the clarinet in 1700? Johann Christoph Denner
17%
No matching quizzes found
Score Distribution
Percent of People with Each Score
Percentile by Number Answered
Your Score History
You have not taken this quiz